000 00523nam a2200205Ia 4500
005 20250326143251.0
008 250326s9999 xx 000 0 und d
020 _a81-259-1683-0
037 _aTextbook
040 _aFMSL
_beng
_cFMSL
041 _aeng
_2eng
084 _aX:5obZ2 P5
_qFMSL
100 _aKuchhal M C
245 0 _aMercantile law
_cKuchhal M C
250 _a6
260 _aDelhi
_bDelhi, Vikas
_c2005
300 _axxviii,660
942 _cTB
_hX:5obZ2 P5
999 _c1298846
_d1298846